[Event "Scarborough CC Jack Frost"]
[Site "Toronto CAN"]
[Date "2018.02.15"]
[Round "6.2"]
[White "Noor Ali, Aahil"]
[Black "Yie, Kevin"]
[Result "0-1"]
[WhiteElo "2097"]
[BlackElo "2028"]
[PlyCount "130"]
[EventDate "2018.01.11"]
[EventType "swiss"]
[EventRounds "6"]
[EventCountry "CAN"]

1. d4 d5 2. c4 e6 3. Nc3 Nf6 4. cxd5 exd5 5. Bg5 Be7 6. e3 c6 7. Bd3 Bg4 8. f3
Bh5 9. Nge2 Bg6 10. O-O O-O 11. Bxf6 Bxf6 12. Bxg6 hxg6 13. e4 dxe4 14. fxe4
Na6 15. e5 Bg5 16. Ne4 Qe7 17. Qb3 Bh6 18. Nd6 Rab8 19. Rf3 Qe6 20. Nxf7 Qxb3
21. Nxh6+ gxh6 22. Rxb3 Nc7 23. Rf1 Nd5 24. Rxf8+ Kxf8 25. Rf3+ Ke7 26. Ng3 c5
27. dxc5 Ke6 28. Nf1 Rc8 29. b4 Kxe5 30. a3 a5 31. Ne3 axb4 32. axb4 Nxb4 33.
Nc4+ Kd4 34. Nb6 Rc6 35. Na4 Nd5 36. Rb3 Ra6 37. Nb6 Nxb6 38. cxb6 Kc5 39. Kf2
Rxb6 40. Rc3+ Kd4 41. Rc2 Re6 42. Rb2 b6 43. Rb4+ Kc5 44. Rh4 g5 45. Rg4 b5 46.
h4 gxh4 47. Rxh4 b4 48. Rh5+ Kc4 49. Ra5 b3 50. Ra8 Kc3 51. Rc8+ Kb2 52. Kf3
Kb1 53. g4 b2 54. Kf4 Re2 55. Kf5 Rc2 56. Re8 Rc6 57. Re1+ Ka2 58. Re2 Ka1 59.
Re8 b1=Q+ 60. Re4 Rc4 61. Kf6 Qxe4 62. Kg7 Qe6 63. g5 hxg5 64. Kh8 Qe7 65. Kg8
Rc8# 0-1

[Event "Scarborough CC Jack Frost"]
[Site "Toronto CAN"]
[Date "2018.02.15"]
[Round "6.3"]
[White "Hay, Jonathan"]
[Black "De Costa, Alex"]
[Result "0-1"]
[WhiteElo "1944"]
[BlackElo "1858"]
[PlyCount "98"]
[EventDate "2018.01.11"]
[EventType "swiss"]
[EventRounds "6"]
[EventCountry "CAN"]

1. d4 Nf6 2. Bf4 g6 3. Nc3 d5 4. e3 Bg7 5. h4 c6 6. Nf3 Nbd7 7. Bd3 O-O 8. Ne5
Nxe5 9. Bxe5 b5 10. h5 Nxh5 11. Rxh5 gxh5 12. Qxh5 f5 13. O-O-O Bxe5 14. Rh1
Rf7 15. dxe5 e6 16. g4 Qe7 17. Ne2 c5 18. gxf5 exf5 19. Ng3 Qxe5 20. Qg5+ Qg7
21. Qd8+ Qf8 22. Qxd5 Bb7 23. Qe5 Bxh1 24. Bxf5 Rxf5 25. Nxf5 Re8 26. Nh6+ Qxh6
27. Qxe8+ Qf8 28. Qe6+ Qf7 29. Qg4+ Kh8 30. Qc8+ Qg8 31. Qxc5 Qg1+ 32. Kd2
Qxf2+ 33. Kd3 Qf1+ 34. Kc3 Qf6+ 35. Kb3 Qe6+ 36. Ka3 Qa6+ 37. Kb3 Qa4+ 38. Kc3
b4+ 39. Kd2 Qd7+ 40. Ke1 Qg7 41. Qxb4 Qg1+ 42. Kd2 Qf2+ 43. Kd3 Qf1+ 44. Kd4
Qd1+ 45. Ke5 Qh5+ 46. Kf6 Qg6+ 47. Ke7 Qg5+ 48. Kf8 Qf6+ 49. Ke8 Bc6# 0-1

[Event "Scarborough CC Jack Frost"]
[Site "Toronto CAN"]
[Date "2018.02.15"]
[Round "6.4"]
[White "Issani, Nameer"]
[Black "Ghazarian, Tigran"]
[Result "1-0"]
[WhiteElo "2073"]
[BlackElo "1823"]
[PlyCount "113"]
[EventDate "2018.01.11"]
[EventType "swiss"]
[EventRounds "6"]
[EventCountry "CAN"]

1. d4 Nf6 2. c4 g6 3. Nc3 d5 4. cxd5 Nxd5 5. e4 Nxc3 6. bxc3 Bg7 7. Bc4 c5 8.
Ne2 cxd4 9. cxd4 O-O 10. O-O Nc6 11. Be3 Bg4 12. f3 Bd7 13. Rc1 Rc8 14. Qd2 a6
15. Rfd1 b5 16. Bd3 e6 17. e5 Qa5 18. Be4 Rfd8 19. Nf4 Qxd2 20. Rxd2 Na5 21.
Rxc8 Rxc8 22. Rc2 Rxc2 23. Bxc2 Nc4 24. Bf2 Bc6 25. Nd3 Bf8 26. Kf1 Be7 27. Ke2
Kf8 28. Be1 a5 29. Bb3 a4 30. Bd1 Ke8 31. Bb4 Bd8 32. Bc2 g5 33. Nc5 h6 34. Be4
Bxe4 35. Nxe4 Bb6 36. Kd3 Nb2+ 37. Ke3 Nd1+ 38. Kd2 Nb2 39. Nd6+ Kd7 40. Nxb5
Kc6 41. Nd6 Bxd4 42. Nxf7 Kd5 43. Nxh6 Nc4+ 44. Ke2 Nxe5 45. Bd2 Kc4 46. Bxg5
Kc3 47. f4 Nc4 48. f5 exf5 49. Nxf5 Bc5 50. Bf6+ Kc2 51. h4 Nd6 52. Nxd6 Bxd6
53. h5 Bf4 54. g4 Kb1 55. a3 Ka2 56. g5 Kxa3 57. h6 1-0

[Event "Scarborough CC Jack Frost"]
[Site "Toronto CAN"]
[Date "2018.02.15"]
[Round "6.5"]
[White "Manalo, Pepin"]
[Black "Uthayakumar, Ronan"]
[Result "1-0"]
[WhiteElo "1884"]
[BlackElo "1867"]
[PlyCount "65"]
[EventDate "2018.01.11"]
[EventType "swiss"]
[EventRounds "6"]
[EventCountry "CAN"]

1. d4 d5 2. Nf3 e6 3. e3 Nf6 4. Bd3 c5 5. b3 Be7 6. Bb2 Nc6 7. a3 O-O 8. Nbd2
b6 9. O-O Bb7 10. Ne5 Nxe5 11. dxe5 Ne4 12. f4 Qc7 13. Bxe4 dxe4 14. Qg4 Rad8
15. Rf2 Rd7 16. Re1 Rfd8 17. Nc4 b5 18. Nd6 Qa5 19. Ref1 Bxd6 20. exd6 f5 21.
Qg5 Bd5 22. Be5 Rf8 23. g4 Qxa3 24. Rg2 Qa6 25. gxf5 Rxf5 26. Qh6 Qb7 27. Kh1
Rff7 28. Rfg1 c4 29. b4 a6 30. Qh5 Kf8 31. Qxh7 Ke8 32. Qh5 Qc6 33. Rxg7 1-0

[Event "Scarborough CC Spring into Summer"]
[Site "Toronto CAN"]
[Date "2018.05.31"]
[Round "1.1"]
[White "Issani, Nameer"]
[Black "Noor Ali, Aahil"]
[Result "1/2-1/2"]
[WhiteElo "2221"]
[BlackElo "2047"]
[PlyCount "56"]
[EventDate "2018.05.31"]
[EventType "swiss"]
[EventRounds "5"]
[EventCountry "CAN"]

1. d4 Nf6 2. c4 e6 3. Nc3 d5 4. cxd5 exd5 5. Bg5 Be7 6. e3 Nbd7 7. Bd3 O-O 8.
Nge2 b6 9. O-O Bb7 10. f3 c5 11. Bh4 Re8 12. Ng3 g6 13. f4 Ne4 14. Bxe4 dxe4
15. Bxe7 Qxe7 16. d5 Ba6 17. d6 Qf8 18. Rf2 Bd3 19. Qa4 Qxd6 20. Ngxe4 Bxe4 21.
Nxe4 Qe7 22. Nc3 Nf6 23. Re1 Ne4 24. Nxe4 Qxe4 25. Qxe4 Rxe4 26. Rd2 Rae8 27.
Kf2 f5 28. h3 Kf7 1/2-1/2

[Event "Scarborough CC Spring into Summer"]
[Site "Toronto CAN"]
[Date "2018.05.31"]
[Round "1.2"]
[White "Hay, Jonathan"]
[Black "Xu, Jeffrey"]
[Result "1/2-1/2"]
[WhiteElo "2036"]
[BlackElo "2221"]
[PlyCount "102"]
[EventDate "2018.05.31"]
[EventType "swiss"]
[EventRounds "5"]
[EventCountry "CAN"]

1. d4 b6 2. Bf4 e6 3. e3 Bb7 4. Nd2 Nf6 5. Ngf3 Be7 6. h3 O-O 7. Bd3 c5 8. c3
Nc6 9. O-O Rc8 10. Qe2 d5 11. Rfd1 Bd6 12. Bxd6 Qxd6 13. e4 dxe4 14. Nxe4 Nxe4
15. Bxe4 Rc7 16. Rd2 g6 17. Rad1 cxd4 18. Nxd4 Nxd4 19. Rxd4 Qe5 20. Qd3 Bxe4
21. Qxe4 Qxe4 22. Rxe4 Kg7 23. Kf1 Kf6 24. Ke2 Rfc8 25. Ke3 Ke7 26. Red4 Rb8
27. Ke4 b5 28. R1d2 a5 29. a3 Rc4 30. Ke3 Rb7 31. f4 Rc5 32. g4 f5 33. Rd8 fxg4
34. hxg4 g5 35. Rh8 gxf4+ 36. Kxf4 Kf6 37. Rdd8 Rc4+ 38. Kf3 Ke5 39. Rb8 Rf7+
40. Kg3 b4 41. Rb5+ Kf6 42. axb4 axb4 43. cxb4 Rg7 44. Rf8+ Kg6 45. Kh4 h6 46.
Rb6 Kh7 47. Rxe6 Rcxg4+ 48. Kh3 Rg3+ 49. Kh2 R3g4 50. Re3 Rxb4 51. b3 Rh4+
1/2-1/2

[Event "Scarborough CC Spring into Summer"]
[Site "Toronto CAN"]
[Date "2018.05.31"]
[Round "1.3"]
[White "Southam, David"]
[Black "Huang, Youhe"]
[Result "1-0"]
[WhiteElo "2195"]
[BlackElo "1950"]
[PlyCount "49"]
[EventDate "2018.05.31"]
[EventType "swiss"]
[EventRounds "5"]
[EventCountry "CAN"]

1. d4 Nf6 2. c4 g6 3. f3 c6 4. e4 d5 5. e5 Nfd7 6. Nc3 dxc4 7. Bxc4 Bg7 8. f4
Nb6 9. Bb3 Na6 10. Nf3 Nc7 11. O-O Ncd5 12. Ne4 O-O 13. Qe1 a5 14. a3 a4 15.
Ba2 Bf5 16. Nc5 Qc7 17. Qh4 Nc8 18. g4 Bd7 19. f5 gxf5 20. Bh6 f6 21. e6 Be8
22. Bxd5 cxd5 23. gxf5 Kh8 24. Kh1 Rg8 25. Rg1 1-0

[Event "Scarborough CC Spring into Summer"]
[Site "Toronto CAN"]
[Date "2018.05.31"]
[Round "1.4"]
[White "Zhao, Jeffrey R"]
[Black "Yie, Kevin"]
[Result "0-1"]
[WhiteElo "1833"]
[BlackElo "2135"]
[PlyCount "118"]
[EventDate "2018.05.31"]
[EventType "swiss"]
[EventRounds "5"]
[EventCountry "CAN"]

1. e4 c5 2. Nf3 e6 3. d4 cxd4 4. Nxd4 Nc6 5. Nc3 Qc7 6. Be3 a6 7. Be2 b5 8. a3
Bb7 9. O-O Nf6 10. f4 d6 11. Qe1 Be7 12. Rd1 O-O 13. Bd3 Rfe8 14. Qg3 Rad8 15.
Qh3 Nxd4 16. Bxd4 e5 17. Be3 Bc8 18. Qg3 Be6 19. f5 Bc8 20. Be2 Kh8 21. Qf2 Qc6
22. Bf3 Bb7 23. g4 Qc4 24. Qg2 d5 25. exd5 e4 26. Nxe4 Nxe4 27. Bxe4 Bc5 28.
Bxc5 Rxe4 29. Bb6 Rxd5 30. b3 Rxg4 31. bxc4 Rxg2+ 32. Kxg2 Rxd1+ 33. Kf2 Rxf1+
34. Kxf1 bxc4 35. Bd4 f6 36. Ke2 Be4 37. c3 Bxf5 38. Ke3 Kg8 39. Ba7 Bd7 40.
Kd4 Bb5 41. a4 Bxa4 42. Kxc4 Kf7 43. Kb4 Bd7 44. c4 Ke6 45. Ka5 Bc8 46. Bf2 g5
47. Kb6 h5 48. Kc7 Bd7 49. Kb6 Kf5 50. Bd4 g4 51. Kc7 Ba4 52. Kd6 h4 53. Ke7 g3
54. hxg3 h3 55. Bg1 Kg4 56. Kxf6 Kf3 57. Kg5 Kg2 58. Kh4 Bd7 59. g4 a5 0-1

[Event "Scarborough CC Spring into Summer"]
[Site "Toronto CAN"]
[Date "2018.05.31"]
[Round "1.6"]
[White "Wang, Thomas"]
[Black "De Costa, Alex"]
[Result "1-0"]
[WhiteElo "1826"]
[BlackElo "1819"]
[PlyCount "33"]
[EventDate "2018.05.31"]
[EventType "swiss"]
[EventRounds "5"]
[EventCountry "CAN"]

1. e4 c5 2. Nf3 e6 3. d4 cxd4 4. Nxd4 a6 5. Nc3 Qc7 6. Be2 b5 7. a3 Bb7 8. Bf3
Nf6 9. O-O Nc6 10. Be3 Ne5 11. Re1 Nxf3+ 12. Qxf3 d5 13. exd5 Nxd5 14. Nxd5
Bxd5 15. Bf4 Qa7 16. Qxd5 Be7 17. Qc6+ 1-0

[Event "Scarborough CC Spring into Summer"]
[Site "Toronto CAN"]
[Date "2018.06.07"]
[Round "2.1"]
[White "Palacios, Bobby"]
[Black "Southam, David"]
[Result "1-0"]
[WhiteElo "2056"]
[BlackElo "2195"]
[PlyCount "111"]
[EventDate "2018.05.31"]
[EventType "swiss"]
[EventRounds "5"]
[EventCountry "CAN"]

1. d4 e6 2. c4 d5 3. Nc3 c6 4. e4 dxe4 5. Nxe4 Bb4+ 6. Nc3 c5 7. a3 Bxc3+ 8.
bxc3 Nf6 9. Nf3 Nc6 10. Be2 O-O 11. O-O Qe7 12. Re1 Rd8 13. Bd3 h6 14. d5 Na5
15. Bf4 b6 16. Qe2 Ba6 17. Rad1 Rac8 18. d6 Qe8 19. Ne5 Bb7 20. Qe3 Qf8 21. d7
Ra8 22. h3 g5 23. Bh2 Qg7 24. Bc2 Nh7 25. Ng4 Bc6 26. Be5 Qf8 27. Qd3 f5 28.
Ne3 Rxd7 29. Qe2 Qf7 30. Rxd7 Bxd7 31. Rd1 Bc6 32. Rd6 Rc8 33. Qd3 Nb7 34. Nxf5
exf5 35. Rxh6 Be4 36. Qg3 Bxc2 37. Qxg5+ Kf8 38. Rxh7 Qxh7 39. Qf6+ Ke8 40.
Qe6+ Kd8 41. Qd5+ Qd7 42. Qg8+ Qe8 43. Qd5+ Ke7 44. Bf4 Rc6 45. Bg5+ Kf8 46.
Qd2 Ba4 47. Qf4 Qd7 48. Qh4 Qg7 49. Qf4 Nd6 50. Bh6 Qxh6 51. Qxh6+ Ke7 52. Qh7+
Ke6 53. Qxa7 Bb3 54. h4 Bd1 55. Qa8 Rc7 56. Qd5+ 1-0

[Event "Scarborough CC Spring into Summer"]
[Site "Toronto CAN"]
[Date "2018.06.07"]
[Round "2.2"]
[White "Yie, Kevin"]
[Black "Wang, Thomas"]
[Result "1-0"]
[WhiteElo "2135"]
[BlackElo "1826"]
[PlyCount "83"]
[EventDate "2018.05.31"]
[EventType "swiss"]
[EventRounds "5"]
[EventCountry "CAN"]

1. d4 d5 2. Bf4 Nf6 3. e3 Bf5 4. c4 c6 5. Qb3 Qc8 6. Nc3 e6 7. Nf3 Nbd7 8. h3
dxc4 9. Bxc4 b5 10. Be2 b4 11. Na4 Nd5 12. Bg3 N5b6 13. Rc1 Be4 14. Nc5 Nxc5
15. dxc5 Nd5 16. O-O Bxf3 17. Bxf3 Qb7 18. Rc4 a5 19. e4 a4 20. Qd3 Nf6 21. Qd2
b3 22. axb3 axb3 23. Rb4 Qd7 24. Qc3 Qa7 25. Qxb3 Bxc5 26. Rb7 Qa5 27. Rc1 O-O
28. Kh2 Rfc8 29. Qc4 Bf8 30. b4 Qa3 31. b5 c5 32. b6 Ra4 33. Qc2 Nxe4 34. Bxe4
Rxe4 35. Qxe4 Qxc1 36. Rc7 Rd8 37. Bf4 Qb2 38. b7 Rd4 39. Qf3 g5 40. Be5 Rf4
41. Qxf4 gxf4 42. Bxb2 1-0

[Event "Scarborough CC Spring into Summer"]
[Site "Toronto CAN"]
[Date "2018.06.07"]
[Round "2.3"]
[White "Sharpe, Sam"]
[Black "Issani, Nameer"]
[Result "0-1"]
[WhiteElo "1921"]
[BlackElo "2221"]
[PlyCount "58"]
[EventDate "2018.05.31"]
[EventType "swiss"]
[EventRounds "5"]
[EventCountry "CAN"]

1. e4 e5 2. Nf3 Nc6 3. Bb5 a6 4. Ba4 Nf6 5. O-O Be7 6. Re1 b5 7. Bb3 O-O 8. a4
Rb8 9. Nc3 d6 10. h3 Na5 11. Ba2 b4 12. Nd5 c5 13. d3 Be6 14. Bc4 Bxd5 15. exd5
Nxc4 16. dxc4 Nd7 17. a5 f5 18. b3 e4 19. Nd2 Bf6 20. Ra2 Bd4 21. Nf1 Qf6 22.
Be3 Rbe8 23. Ng3 Be5 24. Qc1 f4 25. Nxe4 Qg6 26. Bd2 Bd4 27. c3 f3 28. g4 Rxe4
29. cxd4 Rxg4+ 0-1

[Event "Scarborough CC Spring into Summer"]
[Site "Toronto CAN"]
[Date "2018.06.07"]
[Round "2.4"]
[White "Noor Ali, Aahil"]
[Black "Lei, Sean"]
[Result "1/2-1/2"]
[WhiteElo "2047"]
[BlackElo "2140"]
[PlyCount "66"]
[EventDate "2018.05.31"]
[EventType "swiss"]
[EventRounds "5"]
[EventCountry "CAN"]

1. d4 Nf6 2. c4 e5 3. dxe5 Ng4 4. Bf4 Nc6 5. Nf3 Bb4+ 6. Nc3 Qe7 7. e3 Ngxe5 8.
Nxe5 Bxc3+ 9. bxc3 Nxe5 10. Be2 d6 11. O-O O-O 12. Rb1 b6 13. c5 Be6 14. cxd6
cxd6 15. Qa4 Rac8 16. Qa3 Rc5 17. Rb5 Rfc8 18. Rxc5 Rxc5 19. Rd1 f6 20. e4 Qc7
21. Qa4 Kf7 22. Bxe5 dxe5 23. c4 Qe7 24. h3 Rc7 25. Qb3 Rd7 26. Rxd7 Qxd7 27.
Qe3 Qc6 28. Qa3 a5 29. Qd3 Qd7 30. Qe3 Qc6 31. Qd3 Qd7 32. Qe3 Qc6 33. Qd3 Qd7
1/2-1/2

[Event "Scarborough CC Spring into Summer"]
[Site "Toronto CAN"]
[Date "2018.06.07"]
[Round "2.5"]
[White "Ning, Eric"]
[Black "Hay, Jonathan"]
[Result "1/2-1/2"]
[WhiteElo "2097"]
[BlackElo "2036"]
[PlyCount "98"]
[EventDate "2018.05.31"]
[EventType "swiss"]
[EventRounds "5"]
[EventCountry "CAN"]

1. d4 c6 2. c4 Nf6 3. Nf3 d5 4. e3 a6 5. Nbd2 Bf5 6. b3 e6 7. Be2 h6 8. Bb2 Bd6
9. Ne5 Ne4 10. O-O O-O 11. Nxe4 dxe4 12. f3 Bxe5 13. dxe5 Qb6 14. Bd4 c5 15.
Bc3 exf3 16. gxf3 Nc6 17. f4 Nb4 18. Rf3 Nc2 19. Rc1 Nb4 20. Qd2 Rad8 21. Qb2
Nd3 22. Bxd3 Rxd3 23. Rg3 Qc6 24. Qe2 Rfd8 25. Kf2 Qe4 26. Qf3 Qxf3+ 27. Kxf3
Rd1 28. Rg1 R1d3 29. Ba5 R8d7 30. Rg2 Bg6 31. Bb6 Bh5+ 32. Kf2 Rd2+ 33. Kg3
Rxg2+ 34. Kxg2 Rd2+ 35. Kg3 Rxa2 36. Bxc5 Rd2 37. Rc3 Bg6 38. Rc1 Be4 39. Rg1
Bc2 40. b4 Bd3 41. Rc1 Be4 42. h4 Kh7 43. Bd4 Kg6 44. b5 axb5 45. cxb5 Kh5 46.
Rg1 g5 47. hxg5 hxg5 48. fxg5 Kxg5 49. Rf1 Bf5 1/2-1/2

[Event "Scarborough CC Spring into Summer"]
[Site "Toronto CAN"]
[Date "2018.06.07"]
[Round "2.6"]
[White "Huang, Youhe"]
[Black "Zhao, Jeffrey R"]
[Result "1/2-1/2"]
[WhiteElo "1950"]
[BlackElo "1833"]
[PlyCount "47"]
[EventDate "2018.05.31"]
[EventType "swiss"]
[EventRounds "5"]
[EventCountry "CAN"]

1. e4 c5 2. Nf3 d6 3. d4 cxd4 4. Nxd4 Nf6 5. Nc3 a6 6. Bg5 e6 7. f4 Be7 8. Qf3
Qc7 9. O-O-O b5 10. e5 Bb7 11. exd6 Bxd6 12. Qe3 Be7 13. f5 e5 14. Ndxb5 axb5
15. Nxb5 Qa5 16. Qxe5 Nc6 17. Nd6+ Kf8 18. Qf4 Qc7 19. Bh6 gxh6 20. Qxh6+ Kg8
21. Qg5+ Kf8 22. Qh6+ Kg8 23. Qg5+ Kf8 24. Qh6+ 1/2-1/2

[Event "Scarborough CC Spring into Summer"]
[Site "Toronto CAN"]
[Date "2018.06.14"]
[Round "3.1"]
[White "Southam, David"]
[Black "Yie, Kevin"]
[Result "1/2-1/2"]
[WhiteElo "2196"]
[BlackElo "2136"]
[PlyCount "52"]
[EventDate "2018.05.31"]
[EventType "swiss"]
[EventRounds "5"]
[EventCountry "CAN"]

1. d4 Nf6 2. c4 e6 3. g3 d5 4. Bg2 dxc4 5. Nf3 Nbd7 6. Qa4 a6 7. Qxc4 b5 8. Qc6
Rb8 9. O-O Bb7 10. Qc2 Bd6 11. Bf4 O-O 12. Nbd2 Qe7 13. Nb3 Be4 14. Qc3 Nd5 15.
Qd2 Nxf4 16. gxf4 c5 17. dxc5 Nxc5 18. Qe3 Nxb3 19. axb3 Qb7 20. Nh4 Bxg2 21.
Nxg2 Rfd8 22. Ne1 Bc7 23. Nd3 Bb6 24. Qg3 a5 25. Rac1 Rbc8 26. Qg2 Qxg2+
1/2-1/2

[Event "Scarborough CC Spring into Summer"]
[Site "Toronto CAN"]
[Date "2018.06.14"]
[Round "3.2"]
[White "Wang, Thomas"]
[Black "Huang, Youhe"]
[Result "0-1"]
[WhiteElo "1826"]
[BlackElo "1950"]
[PlyCount "42"]
[EventDate "2018.05.31"]
[EventType "swiss"]
[EventRounds "5"]
[EventCountry "CAN"]

1. e4 c5 2. Nf3 Nc6 3. Bb5 g6 4. c3 Bg7 5. d4 cxd4 6. Nxd4 Nxd4 7. cxd4 Qb6 8.
Qe2 Bxd4 9. Nd2 a6 10. Bd3 d6 11. Nc4 Qd8 12. Bg5 b5 13. Ne3 Qa5+ 14. Kf1 Be6
15. f4 f6 16. Bh4 Qb4 17. Nd1 Nh6 18. f5 gxf5 19. Qh5+ Nf7 20. Be1 Qc5 21. Rc1
Qxc1 0-1

[Event "Scarborough CC Spring into Summer"]
[Site "Toronto CAN"]
[Date "2018.06.14"]
[Round "3.3"]
[White "Lei, Sean"]
[Black "Ning, Eric"]
[Result "1-0"]
[WhiteElo "2140"]
[BlackElo "2097"]
[PlyCount "59"]
[EventDate "2018.05.31"]
[EventType "swiss"]
[EventRounds "5"]
[EventCountry "CAN"]

1. e4 c5 2. Nf3 Nc6 3. d3 g6 4. c3 Nf6 5. Be2 Bg7 6. O-O O-O 7. Re1 d6 8. Nbd2
Bd7 9. Bf1 b5 10. d4 Qb6 11. d5 Ne5 12. Nxe5 dxe5 13. c4 Ne8 14. cxb5 Bxb5 15.
Bxb5 Qxb5 16. Qc2 Nd6 17. b3 Rfb8 18. a4 Qa5 19. Ba3 Rb7 20. Nc4 Qc7 21. Qc3
Nxe4 22. Rxe4 f5 23. Rxe5 Rab8 24. Rb1 Bxe5 25. Nxe5 Qd6 26. Nc6 Re8 27. Bb2 e5
28. dxe6 Qxe6 29. Qh8+ Kf7 30. Qg7# 1-0

[Event "Scarborough CC Spring into Summer"]
[Site "Toronto CAN"]
[Date "2018.06.14"]
[Round "3.4"]
[White "De Costa, Alex"]
[Black "Sharpe, Sam"]
[Result "0-1"]
[WhiteElo "1819"]
[BlackElo "1921"]
[PlyCount "62"]
[EventDate "2018.05.31"]
[EventType "swiss"]
[EventRounds "5"]
[EventCountry "CAN"]

1. e4 c5 2. Nf3 d6 3. d4 cxd4 4. Nxd4 Nf6 5. Nc3 a6 6. Bc4 e6 7. O-O Be7 8. Bb3
O-O 9. Be3 Qc7 10. f4 Nc6 11. Qf3 e5 12. Nf5 Bxf5 13. exf5 Rfe8 14. Rad1 Rad8
15. g4 exf4 16. Bxf4 Ne5 17. Bxe5 dxe5 18. g5 e4 19. Qg2 Rxd1 20. Rxd1 Qc5+ 21.
Qf2 Qxf2+ 22. Kxf2 Ng4+ 23. Kg3 Ne3 24. Re1 Bd6+ 25. Kh3 Bf4 26. g6 hxg6 27.
fxg6 Re5 28. gxf7+ Kf8 29. Rxe3 Bxe3 30. Nd5 Bc5 31. Nc7 e3 0-1

[Event "Scarborough CC Spring into Summer"]
[Site "Toronto CAN"]
[Date "2018.06.21"]
[Round "4.1"]
[White "Lei, Sean"]
[Black "Palacios, Bobby"]
[Result "1-0"]
[WhiteElo "2140"]
[BlackElo "2056"]
[PlyCount "83"]
[EventDate "2018.05.31"]
[EventType "swiss"]
[EventRounds "5"]
[EventCountry "CAN"]

1. e4 e5 2. Nf3 Nf6 3. Nxe5 d6 4. Nf3 Nxe4 5. Nc3 Nxc3 6. dxc3 Be7 7. Bd3 O-O
8. Be3 Nd7 9. Qe2 Nf6 10. O-O-O Re8 11. h3 c6 12. g4 Qa5 13. Kb1 Be6 14. a3 Bf8
15. Nd4 Bd5 16. Rhg1 Be4 17. f3 Bg6 18. Bxg6 hxg6 19. Qd3 Qe5 20. Bc1 Nd5 21.
h4 a6 22. c4 Nb6 23. f4 Qe4 24. Qb3 c5 25. Qxb6 cxd4 26. Rxd4 Qf3 27. Rd3 Qe4
28. b3 Rec8 29. Rd5 Rab8 30. Qf2 Qe8 31. h5 b5 32. cxb5 Rxb5 33. Rxb5 Qxb5 34.
hxg6 fxg6 35. f5 gxf5 36. gxf5 Rc5 37. Rf1 Be7 38. Bb2 Bh4 39. Qg2 Re5 40. f6
Rg5 41. f7+ Kh7 42. Qe4+ 1-0

[Event "Scarborough CC Spring into Summer"]
[Site "Toronto CAN"]
[Date "2018.06.21"]
[Round "4.2"]
[White "Xu, Jeffrey"]
[Black "Southam, David"]
[Result "1/2-1/2"]
[WhiteElo "2221"]
[BlackElo "2195"]
[PlyCount "105"]
[EventDate "2018.05.31"]
[EventType "swiss"]
[EventRounds "5"]
[EventCountry "CAN"]

1. e4 e6 2. Nf3 d5 3. Nc3 Nf6 4. exd5 exd5 5. d4 c6 6. Bd3 Bg4 7. Bf4 Bb4 8.
O-O O-O 9. a3 Bd6 10. Bg3 Qc7 11. Re1 Nbd7 12. Bf1 Rfe8 13. Qd3 Bh5 14. Nh4 Bg6
15. Nxg6 hxg6 16. Bxd6 Qxd6 17. Qf3 Nf8 18. Bd3 Ne6 19. Ne2 Re7 20. Qg3 Qd7 21.
c3 Nh5 22. Qg4 Rae8 23. Kf1 Qd6 24. Ng3 Nf6 25. Qd1 Qf4 26. h3 Qc7 27. Qd2 Nf4
28. Rxe7 Rxe7 29. Bc2 Kf8 30. Re1 N6h5 31. Rxe7 Qxe7 32. Nxh5 Nxh5 33. Qe2 Nf6
34. Qxe7+ Kxe7 35. Ke2 Ne8 36. b3 Nd6 37. Bd3 g5 38. a4 a5 39. c4 b6 40. Ke3
Nb7 41. f4 Kf6 42. g3 dxc4 43. bxc4 c5 44. fxg5+ Kxg5 45. Ke4 Kf6 46. h4 Ke6
47. d5+ Kf6 48. g4 Nd6+ 49. Kf4 Ke7 50. Kg5 Kf8 51. Kf4 Ke7 52. Ke5 f6+ 53. Kf4
1/2-1/2

[Event "Scarborough CC Spring into Summer"]
[Site "Toronto CAN"]
[Date "2018.06.21"]
[Round "4.3"]
[White "Huang, Youhe"]
[Black "Hay, Jonathan"]
[Result "0-1"]
[WhiteElo "1950"]
[BlackElo "2036"]
[PlyCount "90"]
[EventDate "2018.05.31"]
[EventType "swiss"]
[EventRounds "5"]
[EventCountry "CAN"]

1. e4 c6 2. d4 d5 3. Nc3 dxe4 4. Nxe4 Bf5 5. Ng3 Bg6 6. N1e2 Nf6 7. Nf4 e5 8.
Nxg6 hxg6 9. Be3 Nbd7 10. dxe5 Qa5+ 11. c3 Qxe5 12. Qe2 O-O-O 13. O-O-O Bc5 14.
Bd4 Bxd4 15. Rxd4 Qa5 16. Qc2 Nb6 17. Bc4 Rxd4 18. cxd4 Nxc4 19. Qxc4 Qd5 20.
Qxd5 Nxd5 21. Ne4 Kc7 22. Ng5 f6 23. Ne6+ Kd6 24. Nc5 b6 25. Nd3 Rh4 26. Kc2
Rxd4 27. Re1 Kd7 28. a3 c5 29. f3 Rh4 30. h3 Rh8 31. Kb3 a6 32. Kc4 Rh4+ 33. g4
Kd6 34. Re8 b5+ 35. Kb3 c4+ 36. Kc2 cxd3+ 37. Kxd3 Rxh3 38. Rd8+ Kc6 39. Rc8+
Nc7 40. Ke4 f5+ 41. Kf4 Kd7 42. Rg8 Ne6+ 43. Ke3 fxg4 44. Ra8 Rxf3+ 45. Ke2 Nc7
0-1

[Event "Scarborough CC Spring into Summer"]
[Site "Toronto CAN"]
[Date "2018.06.21"]
[Round "4.4"]
[White "Zhao, Jeffrey R"]
[Black "Wang, Thomas"]
[Result "1-0"]
[WhiteElo "1833"]
[BlackElo "1826"]
[PlyCount "51"]
[EventDate "2018.05.31"]
[EventType "swiss"]
[EventRounds "5"]
[EventCountry "CAN"]

1. e4 e5 2. Nf3 Nc6 3. Bc4 Bc5 4. c3 Nf6 5. d3 O-O 6. O-O d6 7. Bb3 Bg4 8. h3
Bh5 9. Nbd2 Re8 10. Re1 d5 11. Qe2 d4 12. Nf1 Qd7 13. Ng3 Bxf3 14. Qxf3 dxc3
15. bxc3 Rad8 16. Rd1 Na5 17. Bc2 Qe6 18. Bg5 Be7 19. Nf5 Qc6 20. Rac1 Ba3 21.
Rb1 Re6 22. Qg3 Be7 23. d4 Nh5 24. Qh4 f6 25. Qxh5 fxg5 26. d5 1-0

[Event "Scarborough CC Spring into Summer"]
[Site "Toronto CAN"]
[Date "2018.06.28"]
[Round "5.1"]
[White "Yie, Kevin"]
[Black "Lei, Sean"]
[Result "1/2-1/2"]
[WhiteElo "2136"]
[BlackElo "2140"]
[PlyCount "47"]
[EventDate "2018.05.31"]
[EventType "swiss"]
[EventRounds "5"]
[EventCountry "CAN"]

1. d4 Nf6 2. Bf4 d6 3. e3 Nbd7 4. Nf3 g6 5. Be2 Bg7 6. Nbd2 b6 7. a4 Bb7 8. O-O
O-O 9. a5 a6 10. axb6 cxb6 11. h3 Ne4 12. Nxe4 Bxe4 13. Bxa6 e5 14. Bh2 Nb8 15.
Be2 Rxa1 16. Qxa1 Bxf3 17. Bxf3 exd4 18. exd4 Bxd4 19. Rd1 Qf6 20. c3 Be5 21.
Bxe5 dxe5 22. Qc1 Rd8 23. Rxd8+ Qxd8 24. Qe3 1/2-1/2

[Event "Scarborough CC Spring into Summer"]
[Site "Toronto CAN"]
[Date "2018.06.28"]
[Round "5.2"]
[White "Hay, Jonathan"]
[Black "Issani, Nameer"]
[Result "1/2-1/2"]
[WhiteElo "2036"]
[BlackElo "2221"]
[PlyCount "69"]
[EventDate "2018.05.31"]
[EventType "swiss"]
[EventRounds "5"]
[EventCountry "CAN"]

1. d4 Nf6 2. Bf4 e6 3. e3 d5 4. Nd2 Nbd7 5. Ngf3 Be7 6. Ne5 c5 7. c3 O-O 8. Bd3
b6 9. Nc6 Qe8 10. Nf3 Bb7 11. Nxe7+ Qxe7 12. Ne5 Nxe5 13. Bxe5 Nd7 14. Bg3 e5
15. dxe5 Nxe5 16. Bxh7+ Kxh7 17. Qh5+ Kg8 18. Qxe5 Qxe5 19. Bxe5 Rfe8 20. Bf4
d4 21. cxd4 cxd4 22. O-O d3 23. Rac1 d2 24. Rc2 Red8 25. Rd1 Rac8 26. Rxc8 Rxc8
27. e4 Bxe4 28. f3 Bd5 29. b3 Rc1 30. Rxc1 dxc1=Q+ 31. Bxc1 b5 32. Kf2 Kf8 33.
Ke3 Ke7 34. g3 Kd6 35. Ba3+ 1/2-1/2